Microbiología /
Guardado en:
| Autor Principal: | |
|---|---|
| Formato: | Libro |
| Publicado: |
México :
Prentice Hall,
1993
|
| Edición: | 2a. ed. |
| Materias: | |
| Etiquetas: |
Agregar Etiqueta
Sin Etiquetas, Sea el primero en etiquetar este registro!
|
| LEADER | 01034nam a22002055a 4500 | ||
|---|---|---|---|
| 001 | CEM.cems017917 | ||
| 005 | 20121116113934.0 | ||
| 008 | 130507s1993##################000#0#####d | ||
| 003 | CEMS | ||
| 020 | |a 9688803251 | ||
| 082 | 0 | 4 | |a 576 |
| 100 | 1 | |a Brock, Thomas D. | |
| 245 | 1 | 0 | |a Microbiología / |c Thomas D. Brock |
| 250 | |a 2a. ed. | ||
| 260 | |a México : |b Prentice Hall, |c 1993 | ||
| 300 | |a 906 p. | ||
| 500 | |a Fotocopia a partir del cap. 13 | ||
| 505 | 0 | |a Funciones microbianas en la naturaleza -- Simbiosis microbiana -- Relaciones huésped-parásito -- Inmunología e inmunidad -- Epidemiología y microbiología ambiental -- Taxonomía e identificación bacteriana -- Grupos procariónticos representativos -- Apéndice: cálculos de energía -- Apéndice 2: Las matemáticas del crecimiento y la operación quimostática -- Apéndice 3: vías bioquímicas -- Apéndice 4: Clasificación de las Bacterias de Bergey -- Apéndice 5: Microscopia | |
| 653 | |a Microbiología | ||
| 859 | |a CEMS |b BIB. CEMS - Agricultura |h 576 |i B782 |p A1689.12 |t Ej.1 | ||
